000 00459nam a2200181Ia 4500
001 17825
005 20260306171545.0
008 260306s9999||||xx |||||||||||||| ||und||
041 _aESP
082 _a658.3
_bA43 2016 V. 2
100 _aAlles, Martha Alicia
_eAUT
245 0 _aDirección estratégica de recursos humanos:
_bcasos
260 _c2016
300 _a252 páginas :
_c23 cm.
650 _aGEN
654 _aCAN
942 _cLIB
_dJUS
_fJUS
_2ddc
_n
999 _c17825
_d17825